| 000 | 00448nam a2200109Ia 4500 | ||
|---|---|---|---|
| 008 | 171204s9999 xx 000 0 und d | ||
| 245 | _aAssessment In Music Education: From Policy To Practice: Landscapes: the Arts, Aesthetics, and Education | ||
| 245 | _cDon Lebler, Gemma Carey, and Scott D. Harrison | ||
| 260 | _c2014 | ||
| 650 | _xField Study 5: Learning Assessment Strategies | ||
| 856 | _uhttp://down.ebook777.com/008/AssInMusEduFroPolToPra.pdf | ||
| 999 |
_c345834 _d345834 |
||